|
|
|
|
| LEADER |
00000naa a2200000uu 4500 |
| 001 |
vtls011073945 |
| 003 |
SK-MaSNL |
| 005 |
20260302111235.0 |
| 008 |
210909|2007 xo |||||||||||||||||slo| |
| 015 |
|
|
|a SNBRA
|
| 035 |
|
|
|a (urnnbn)urn:nbn:sk:snk:ar-a0ccuy
|
| 035 |
|
|
|a (uuid)51651751-81d5-483c-81a8-4119df3957b1
|
| 035 |
|
|
|a urn:nbn:sk:snk-aavj2r
|
| 040 |
|
|
|a SNKBUCL
|b slo
|c SNKBUCL
|e AACR2
|
| 041 |
0 |
|
|a slo
|
| 044 |
|
|
|a xo
|c SK
|
| 100 |
1 |
|
|a Mičieta, Branislav,
|d 1955-
|4 aut
|9 108273
|
| 245 |
1 |
0 |
|a PRÍNOSY DIGITÁLNEJ MONTÁŽE
|c Branislav Mičieta, Tomáš Kuric
|
| 700 |
1 |
|
|a Kuric, Tomáš
|4 aut
|9 788421
|
| 773 |
0 |
|
|t InvEnt 2007
|d Žilina] : Slovenské centrum produktivity, 2007
|g S. 137-141
|z 9788096939169
|z 9788096639169
|
| 958 |
|
|
|a OND
|
| 958 |
|
|
|a article12
|
| 958 |
|
|
|a chapter
|
| 999 |
|
|
|c 1246830
|d 1248760
|